000 00347 a2200157 4500
001 59501
020 _a9783468967023
040 _cAnchieta - Pituba
100 _aPressler, Mirjam
240 1 0 _aBitterschokolade
_lpor
245 1 0 _aBitterschokolade
300 _a110
362 0 _a1992
650 4 _aLiteratura juvenil em alemão
942 _cBK
999 _c59501
_d59501